[Event "Hastings Masters op 98th"]
[Site "Hastings"]
[Date "2025.01.01"]
[Round "7"]
[White "Rubeck, Jonathan"]
[Black "Gorainow, Nikita"]
[Result "1/2-1/2"]
[WhiteElo "1824"]
[BlackElo "2045"]
[PlyCount "88"]
[EventDate "2024.12.28"]
[EventType "swiss"]
[EventRounds "9"]
[EventCountry "ENG"]
[SourceTitle "CB02_2025"]
[SourceDate "2025.01.08"]
[SourceVersion "1"]
[SourceVersionDate "2025.01.08"]
[SourceQuality "1"]

1. e4 c5 2. c3 Nf6 3. e5 Nd5 4. d4 cxd4 5. cxd4 d6 6. Nf3 e6 7. Bc4 Nc6 8. 0-0 Be7 9. Re1 0-0 10. Bd2 Qc7 11. Qe2 dxe5 12. dxe5 Rd8 13. Na3 a6 14. Rac1 b5 15. Bd3 Bb7 16. Bb1 Rac8 17. Nc2 Qb6 18. Ne3 Nf4 19. Qf1 Nxe5 20. Rxc8 Nxf3+ 21. gxf3 Rxc8 22. Nf5 exf5 23. Bxf4 Qg6+ 24. Bg3 Bb4 25. Re5 Qh6 26. f4 Qc6 27. f3 g6 28. Kg2 Bd6 29. Re1 Bb4 30. Rd1 Re8 31. a3 Bc5 32. Ba2 Qf6 33. Rd2 Re3 34. Qc1 Bxf3+ 35. Kf1 Bf8 36. Bf2 Re7 37. Qc8 Qc6 38. Rd8 Qxc8 39. Rxc8 Bb7 40. Rb8 Rc7 41. Bb6 Rc1+ 42. Kf2 Bc8 43. Bd4 Bd6 44. Ra8 Rc7 1/2-1/2

[Event "London Menchik Memorial Blitz op 1st"]
[Site "London"]
[Date "2024.08.31"]
[Round "6"]
[White "Wiratunga, Ishan"]
[Black "Rubeck, Jonathan"]
[Result "1-0"]
[WhiteElo "1871"]
[BlackElo "1823"]
[PlyCount "55"]
[EventDate "2024.08.31"]
[EventType "swiss (blitz)"]
[EventRounds "9"]
[EventCountry "ENG"]
[SourceTitle "EXT 2025"]
[Source "ChessBase"]
[SourceDate "2024.10.14"]
[SourceVersion "1"]
[SourceVersionDate "2024.10.14"]
[SourceQuality "1"]

1. Nf3 d5 2. b3 e6 3. Bb2 Nf6 4. g3 Be7 5. Bg2 0-0 6. d4 b6 7. 0-0 Bb7 8. Nbd2 Nbd7 9. c4 Re8 10. Rc1 c5 11. Ne5 Nxe5 12. dxe5 Ne4 13. Nxe4 dxe4 14. Qc2 Bg5 15. e3 Qd3 16. Qxd3 exd3 17. Bxb7 Rad8 18. f4 Bh6 19. Rcd1 g5 20. Bc6 Re7 21. Rd2 gxf4 22. gxf4 Rc7 23. Be4 Rcd7 24. Rfd1 f5 25. exf6 Kf7 26. Rxd3 Rg8+ 27. Kf2 Rc7 28. Be5 1-0

[Event "Berks & Bucks Reserves op-A"]
[Site "Maidenhead"]
[Date "2024.08.26"]
[Round "6"]
[White "Rubeck, Jonathan"]
[Black "Hordnes, Niclas"]
[Result "1/2-1/2"]
[WhiteElo "1873"]
[BlackElo "1828"]
[PlyCount "90"]
[EventDate "2024.08.24"]
[EventType "swiss"]
[EventRounds "6"]
[EventCountry "ENG"]
[SourceTitle "CBM 221 Extra"]
[Source "ChessBase"]
[SourceDate "2024.09.30"]
[SourceVersion "1"]
[SourceVersionDate "2024.09.30"]
[SourceQuality "1"]

1. e4 c5 2. c3 d5 3. exd5 Qxd5 4. d4 Nf6 5. Nf3 Bg4 6. Be2 e6 7. Na3 Nc6 8. Be3 cxd4 9. Nb5 Qd8 10. Nbxd4 Nxd4 11. Bxd4 a6 12. Qb3 b5 13. a4 Qa5 14. 0-0 b4 15. Qc4 Qd5 16. Qd3 Bf5 17. Qe3 Qe4 18. Bxf6 Qxe3 19. fxe3 gxf6 20. cxb4 Bxb4 21. Rac1 0-0 22. Rc4 a5 23. Nd4 Rfe8 24. g4 Be4 25. Rxf6 Rac8 26. h4 Rxc4 27. Bxc4 Rd8 28. g5 Bc5 29. Rf4 Bxd4 30. exd4 Rxd4 31. b3 Rd1+ 32. Kf2 Bd5 33. Bxd5 Rxd5 34. Ke3 Kg7 35. b4 axb4 36. Rxb4 Ra5 37. Kf4 h6 38. Kg4 hxg5 39. hxg5 f6 40. gxf6+ Kxf6 41. Kf4 Ke7 42. Ke4 Kd6 43. Kd4 Kc6 44. Kc4 Rc5+ 45. Kb3 e5 1/2-1/2

[Event "Berks & Bucks Reserves op-A"]
[Site "Maidenhead"]
[Date "2024.08.25"]
[Round "4"]
[White "Agnihotri, Aaryan"]
[Black "Rubeck, Jonathan"]
[Result "0-1"]
[WhiteElo "1682"]
[BlackElo "1873"]
[PlyCount "74"]
[EventDate "2024.08.24"]
[EventType "swiss"]
[EventRounds "6"]
[EventCountry "ENG"]
[SourceTitle "CBM 221 Extra"]
[Source "ChessBase"]
[SourceDate "2024.09.30"]
[SourceVersion "1"]
[SourceVersionDate "2024.09.30"]
[SourceQuality "1"]

1. e4 e6 2. d4 d5 3. e5 c5 4. Nf3 Qb6 5. Be2 Bd7 6. 0-0 cxd4 7. Nxd4 Nc6 8. Nf3 Nge7 9. Nc3 Ng6 10. Be3 Qd8 11. Re1 Be7 12. Nb5 Ncxe5 13. Nxe5 Nxe5 14. Bd4 Ng6 15. Bxg7 Rg8 16. Bh6 Nh4 17. Kh1 Rg6 18. g3 a6 19. gxh4 Rxh6 20. Nc3 Rxh4 21. Rg1 Qc7 22. Rg2 0-0-0 23. Qg1 Bd6 24. f3 Bc6 25. Qf2 Rh6 26. Rd1 f5 27. Rd4 Bc5 28. Qe3 Rf6 29. b4 Bxd4 30. Qxd4 e5 31. Qh4 Rg6 32. Rxg6 hxg6 33. b5 axb5 34. Bxb5 d4 35. Bxc6 Qxc6 36. Ne2 Qxf3+ 37. Kg1 Qxe2 0-1

[Event "Berks & Bucks Reserves op-A"]
[Site "Maidenhead"]
[Date "2024.08.24"]
[Round "2"]
[White "O'Gorman, Brendan"]
[Black "Rubeck, Jonathan"]
[Result "1/2-1/2"]
[WhiteElo "1812"]
[BlackElo "1873"]
[PlyCount "80"]
[EventDate "2024.08.24"]
[EventType "swiss"]
[EventRounds "6"]
[EventCountry "ENG"]
[SourceTitle "CBM 221 Extra"]
[Source "ChessBase"]
[SourceDate "2024.09.30"]
[SourceVersion "1"]
[SourceVersionDate "2024.09.30"]
[SourceQuality "1"]

1. c4 Nf6 2. Nc3 g6 3. e4 d6 4. d4 Bg7 5. h3 0-0 6. Be3 e5 7. d5 a5 8. g4 Na6 9. Nge2 Nd7 10. Ng3 Nac5 11. Qd2 Nb6 12. Be2 Nba4 13. Nxa4 Nxa4 14. h4 f6 15. h5 g5 16. h6 Bh8 17. Nf5 Bd7 18. b3 Nc5 19. f3 Kf7 20. Bxc5 dxc5 21. 0-0-0 a4 22. b4 Bxf5 23. exf5 Qd6 24. b5 a3 25. Bd3 Ra4 26. Qc3 Rfa8 27. Bc2 Rb4 28. Bb3 Re8 29. Rhe1 e4 30. Qe3 Qe5 31. Rd2 Qa1+ 32. Kc2 Qb2+ 33. Kd1 Qb1+ 34. Ke2 exf3+ 35. Kf2 Rxe3 36. Rxb1 Re4 37. Kxf3 Rf4+ 38. Kg3 Re4 39. Kf3 Rf4+ 40. Kg3 Re4 1/2-1/2

[Event "Berks & Bucks Reserves op-A"]
[Site "Maidenhead"]
[Date "2024.08.24"]
[Round "1"]
[White "Rubeck, Jonathan"]
[Black "Agnihotri, Akaash"]
[Result "1-0"]
[WhiteElo "1873"]
[BlackElo "1549"]
[PlyCount "84"]
[EventDate "2024.08.24"]
[EventType "swiss"]
[EventRounds "6"]
[EventCountry "ENG"]
[SourceTitle "CBM 221 Extra"]
[Source "ChessBase"]
[SourceDate "2024.09.30"]
[SourceVersion "1"]
[SourceVersionDate "2024.09.30"]
[SourceQuality "1"]

1. e4 e5 2. Nf3 Nc6 3. d4 exd4 4. Bc4 h6 5. Nxd4 Bc5 6. Bxf7+ Kf8 7. Nxc6 bxc6 8. 0-0 Ba6 9. Bxg8 Bxf1 10. Qxf1 Rxg8 11. Nd2 Qe7 12. Qc4 Rb8 13. a3 d5 14. Qe2 dxe4 15. b4 Bd4 16. Rb1 e3 17. Qf3+ Qf6 18. fxe3 Qxf3 19. Nxf3 Bf6 20. Nd4 Bxd4 21. exd4 Kf7 22. Bf4 Rb7 23. Rf1 Ke6 24. Be5 Kd5 25. Rf3 g6 26. Rc3 h5 27. Kf2 Ke4 28. Rxc6 Rf8+ 29. Ke2 g5 30. c4 g4 31. b5 h4 32. Rh6 c6 33. Rxh4 Kf5 34. h3 cxb5 35. Rxg4 Rc8 36. Rf4+ Ke6 37. Rf6+ Ke7 38. Rg6 Rb6 39. Rg7+ Ke6 40. c5 Rbc6 41. Kd3 a6 42. Ke4 Rd8 1-0

[Event "BCF-ch Major"]
[Site "Hull"]
[Date "2024.08.03"]
[Round "8"]
[White "Rubeck, Jonathan"]
[Black "Bedi, Adam"]
[Result "1-0"]
[WhiteElo "1833"]
[BlackElo "1903"]
[PlyCount "63"]
[EventDate "2024.07.27"]
[EventType "swiss"]
[EventRounds "9"]
[EventCountry "ENG"]
[SourceTitle "CBM 221 Extra"]
[Source "ChessBase"]
[SourceDate "2024.09.30"]
[SourceVersion "1"]
[SourceVersionDate "2024.09.30"]
[SourceQuality "1"]

1. e4 c6 2. d4 d5 3. e5 Bf5 4. h4 a6 5. c4 e6 6. Nc3 h6 7. Nf3 Ne7 8. b3 Nd7 9. Be2 c5 10. cxd5 Nxd5 11. Nxd5 exd5 12. 0-0 Be7 13. dxc5 Nxc5 14. Nd4 Bd7 15. h5 0-0 16. Be3 Ne4 17. Rc1 Bb4 18. Bd3 Qa5 19. Bb1 Nc3 20. Rxc3 Bxc3 21. Qd3 Rfc8 22. Qh7+ Kf8 23. Qh8+ Ke7 24. Qxg7 Rg8 25. Qf6+ Ke8 26. Bh7 Rf8 27. Bf5 Bxd4 28. Bxd7+ Kxd7 29. Qd6+ Ke8 30. Bxd4 Qd2 31. Bc5 Qg5 32. Qxf8+ 1-0

[Event "BCF-ch AM U1900 op"]
[Site "Hull"]
[Date "2024.08.02"]
[Round "5"]
[White "Butterworth, Paul"]
[Black "Rubeck, Jonathan"]
[Result "0-1"]
[WhiteElo "1760"]
[BlackElo "1833"]
[PlyCount "54"]
[EventDate "2024.07.29"]
[EventType "swiss"]
[EventRounds "6"]
[EventCountry "ENG"]
[SourceTitle "CBM 221 Extra"]
[Source "ChessBase"]
[SourceDate "2024.09.30"]
[SourceVersion "1"]
[SourceVersionDate "2024.09.30"]
[SourceQuality "1"]

1. d4 d5 2. Nf3 e6 3. g3 Nf6 4. Bg2 Be7 5. c4 0-0 6. 0-0 b6 7. cxd5 exd5 8. Qc2 Bb7 9. Rd1 Nbd7 10. Nc3 Re8 11. Bg5 h6 12. Bxf6 Nxf6 13. e3 a6 14. Ne5 Bd6 15. Nd3 Ne4 16. b4 Qg5 17. a4 Rac8 18. Rac1 h5 19. Qe2 h4 20. b5 hxg3 21. hxg3 Nxg3 22. fxg3 Rxe3 23. Qf1 Qxg3 24. Ne2 Qh2+ 25. Kf2 Rce8 26. Rc2 Qh4+ 27. Kg1 Bh2+ 0-1

[Event "BCF-ch AM U1900 op"]
[Site "Hull"]
[Date "2024.07.31"]
[Round "3"]
[White "Gupta, Leonardo"]
[Black "Rubeck, Jonathan"]
[Result "1-0"]
[WhiteElo "1608"]
[BlackElo "1833"]
[PlyCount "79"]
[EventDate "2024.07.29"]
[EventType "swiss"]
[EventRounds "6"]
[EventCountry "ENG"]
[SourceTitle "CBM 221 Extra"]
[Source "ChessBase"]
[SourceDate "2024.09.30"]
[SourceVersion "1"]
[SourceVersionDate "2024.09.30"]
[SourceQuality "1"]

1. e4 e6 2. d3 d5 3. Nd2 Nf6 4. Ngf3 Be7 5. g3 0-0 6. Bg2 b6 7. 0-0 Bb7 8. e5 Nfd7 9. Re1 c5 10. Nf1 Nc6 11. h4 Re8 12. Bf4 f6 13. c4 fxe5 14. Nxe5 Ncxe5 15. Bxe5 Nxe5 16. Rxe5 Bf6 17. Re2 Qc7 18. Qc2 Rad8 19. Rae1 Qd6 20. Nh2 Re7 21. Ng4 Bd4 22. Ne5 Rf8 23. Kh2 Rxf2 24. Rxf2 Bxe5 25. Rxe5 Qxe5 26. Qa4 a6 27. b4 Qe1 28. Rb2 Qc3 29. Rb3 Qc2 30. Ra3 Qd2 31. bxc5 dxc4 32. c6 Ba8 33. Qxc4 a5 34. d4 Kf8 35. Rc3 Rc7 36. Rc2 Qh6 37. Qa6 Bxc6 38. Qxb6 Bxg2 39. Rxc7 Bb7 40. Qd6+ 1-0

[Event "BCF-chT4S 2324 (4NCL)"]
[Site "England"]
[Date "2024.01.06"]
[Round "3.112"]
[White "David, Barry AH"]
[Black "Rubeck, Jonathan"]
[Result "1/2-1/2"]
[WhiteElo "1658"]
[BlackElo "1974"]
[PlyCount "80"]
[EventDate "2024.02.11"]
[EventType "team-swiss"]
[EventRounds "11"]
[EventCountry "ENG"]
[SourceTitle "EXT 2025"]
[Source "ChessBase"]
[SourceDate "2024.10.14"]
[SourceVersion "1"]
[SourceVersionDate "2024.10.14"]
[SourceQuality "1"]
[WhiteTeam "English Deaf Chess Assoc"]
[BlackTeam "Watford"]
[WhiteTeamCountry "ENG"]
[BlackTeamCountry "ENG"]

1. e4 e6 2. d4 d5 3. e5 c5 4. c3 Qb6 5. Nf3 Bd7 6. Bd3 cxd4 7. cxd4 Bb5 8. 0-0 Bxd3 9. Qxd3 Nc6 10. Nc3 Nge7 11. a3 Qd8 12. b4 Nf5 13. Ne2 Be7 14. g4 Nh4 15. Nxh4 Bxh4 16. f4 Be7 17. Bd2 g6 18. Rf3 Qb6 19. Kg2 a6 20. Be3 Rc8 21. Rc1 Kd7 22. Nc3 Qa7 23. f5 gxf5 24. gxf5 Rcg8+ 25. Kh1 b5 26. f6 Bd8 27. Nxd5 exd5 28. Qf5+ Kc7 29. e6 fxe6 30. Qxe6 Qb6 31. Bf4+ Kb7 32. Qd7+ Bc7 33. Rfc3 Rd8 34. Qxc7+ Qxc7 35. Bxc7 Kxc7 36. Rxc6+ Kb7 37. Rc7+ Kb8 38. R7c6 Kb7 39. Rc7+ Kb8 40. R7c6 Kb7 1/2-1/2

[Event "BCF-chT4S 2324 (4NCL)"]
[Site "England"]
[Date "2023.11.19"]
[Round "2.72"]
[White "Pleasants, Allan J"]
[Black "Rubeck, Jonathan"]
[Result "1-0"]
[WhiteElo "1987"]
[BlackElo "1974"]
[PlyCount "113"]
[EventDate "2024.02.11"]
[EventType "team-swiss"]
[EventRounds "11"]
[EventCountry "ENG"]
[SourceTitle "EXT 2025"]
[Source "ChessBase"]
[SourceDate "2024.10.14"]
[SourceVersion "1"]
[SourceVersionDate "2024.10.14"]
[SourceQuality "1"]
[WhiteTeam "Wessex II"]
[BlackTeam "Watford"]
[WhiteTeamCountry "ENG"]
[BlackTeamCountry "ENG"]

1. Nf3 e6 2. c4 Nf6 3. Nc3 d5 4. e3 c5 5. d4 Nc6 6. a3 a5 7. Bd3 cxd4 8. exd4 dxc4 9. Bxc4 Bd6 10. Nb5 Bb8 11. 0-0 0-0 12. Bg5 Ne7 13. Re1 Ng6 14. Ne5 Nxe5 15. dxe5 Qxd1 16. Raxd1 Nd7 17. Be7 Re8 18. Bd6 Nb6 19. Ba2 Bd7 20. Nc7 Bxc7 21. Bxc7 Nd5 22. Bxd5 exd5 23. Rxd5 Be6 24. Rxa5 Rxa5 25. Bxa5 Rc8 26. Bc3 b5 27. Rd1 g6 28. f3 h5 29. h4 Kh7 30. Kf2 Rc4 31. g3 Kh6 32. Bd2+ Kg7 33. Bc3 Rc8 34. Rd6 Rc5 35. Rd8 Kh7 36. Ke3 Rc4 37. Rb8 Rc5 38. Bd4 Rd5 39. Rb6 Kg8 40. Rc6 Rd8 41. Rc1 Rb8 42. Bc5 Rc8 43. Kd4 Kh7 44. Rc3 Rd8+ 45. Bd6 Bc4 46. a4 Ra8 47. b3 Bf1 48. Rc1 Bg2 49. axb5 Bxf3 50. Rf1 Be2 51. Rxf7+ Kg8 52. Rb7 Ra5 53. Kc5 Ra3 54. Kb4 Ra1 55. e6 Bg4 56. Rb8+ Kg7 57. Be5+ 1-0